000 00726nam a2200229 i 4500
001 172628
003 ES-MaACL
005 20230906215003.0
008 090803s1993 fr |||| | fre d
020 _a2-501-01863-X
080 _a811.133.1'35
100 1 _aJacquenod, Raymond.
_9139347
245 1 3 _aLa ponctuation maîtrisée /
_cRaymond Jacquenod.
260 _aAlleur, Belgique :
_bMarabout,
_c1993.
300 _a317 p. ;
_c18 cm.
490 1 _aMarabout savoirs ;
_v8017
500 _aÍndices.
650 0 4 _aLengua francesa-
_xPuntuación.
_914230
830 0 _aMarabout savoirs ;
_v8017
_9223397
852 4 _aES-MaACL
_jE-12913
_9R.139299
_z. - Biblioteca Jacinto Martínez Lacalle
999 _c172628
_d172628